000 00675nam a2200193 i 4500
001 166906
003 ES-MaACL
005 20231223063114.0
008 960320s1858 sp |||| | spa d
080 _a821.134.2-14"18"
100 1 _aValera, Juan,
_d1824-1905
_9112638
245 1 0 _aPoesías de Don Juan Valera.
260 _aMadrid :
_b[s.n.],
_c1858 (
_fImp. de M. Rivadeneyra)
300 _aXIX, 252 p. ;
_c18 cm.
530 _aDisponible en formato digital.
852 _aES-MaACL
_jD-1857
_z- Enc. hol.
856 _uhttp://www.bibliotecavirtualdeandalucia.es/catalogo/es/consulta/registro.do?id=1013543
_zBiblioteca Virtual de Andalucía
999 _c166906
_d166906